Normal view
MARC view
- Gary R. Heerkens
Entry Personal Name
001 - CONTROL NUMBER
- control field: 133640
003 - CONTROL NUMBER IDENTIFIER
- control field: NUST
005 - DATE AND TIME OF LATEST TRANSACTION
- control field: 20260311131558.0
008 - FIXED-LENGTH DATA ELEMENTS
- fixed length control field: 260311|| aca||aabn | a|a d
040 ## - CATALOGING SOURCE
- Original cataloging agency: NUST
- Transcribing agency: NUST
100 ## - HEADING--PERSONAL NAME
- Personal name: Gary R. Heerkens
670 ## - SOURCE DATA FOUND
- Source citation: Work cat.: (NUST): Gary R. Heerkens., Project Management /, 2002.
